| 000 | 01194cam a2200229 4500 | ||
|---|---|---|---|
| 001 | ABS63939 | ||
| 008 | 000000n2001 000 0 eng u | ||
| 035 | _a(Sirsi) u112679 | ||
| 100 | _aYule, I | ||
| 245 | 4 | _aThe end of the affair | |
| 260 | _c2001 | ||
| 490 |
_aBuilding _v266(8184) 11 May 2001, 48(1) |
||
| 520 | _aDiscusses the difficulties involved in proving contractors are in breach of contract and being able to legally terminate contracts. Looks at the case of "Bedfordshire CC v Fitzpatrick" where the council itself committed a repudiatory breach of the contract by failing to give Fitzpatrick sufficient time to respond. Also considers the case of "Rice v Great Yarmouth BC"(CA [2003] TCLR 1] here the council lost despite a clause which specified the council could terminate 'if the contractor...commits a breach of any of its obligations under the contract'. | ||
| 590 | _aABS | ||
| 650 | _aTERMINATION | ||
| 650 | _aBUILT ENVIRONMENT-BUILDING CONTRACT FORMS | ||
| 650 | _aRICE V GREAT YARMOUTH BC | ||
| 650 | _aBEDFORDSHIRE CC V FITZPATRICK CONTRACTORS LTD | ||
| 650 | _aBREACH OF CONTRACT | ||
| 690 | _aBUILT ENVIRONMENT-BUILDING CONTRACT FORMS | ||
| 942 | _n0 | ||
| 999 |
_c67072 _d67072 |
||